Integrating acquired companies : management accounting and reporting issues /

Bibliographic Details
Other Authors: Johnson, Clark H.
Format: Book
Language:English
Published: New York : Wiley, [1985]
Series:Professional management accounting series.
Subjects:

MARC

Tag First Indicator Second Indicator Subfields
LEADER 00000pam a2200000 a 4500
001 in00000571821
005 20151014065141.0
008 841002s1985 nyu 00100 eng
010 |a  84023698  
020 |a 0471809608 :  |c $39.95 (est.) 
035 |a (OCoLC)11289981 
035 |9 ACN7142AM 
039 0 |a 2  |b 3  |c 3  |d 3  |e 3 
040 |a DLC  |c DLC  |d TXA  |d UtOrBLW 
049 |a TXAM  |c [A09078057] 
050 0 0 |a HF5686.C7  |b I54 1985 
082 0 |a 658.1/6  |2 19 
245 0 0 |a Integrating acquired companies :  |b management accounting and reporting issues /  |c [edited by] Clark H. Johnson ; contributors, Tarun K. Bhatia [and others]. 
264 1 |a New York :  |b Wiley,  |c [1985] 
264 4 |c ©1985 
300 |a xii, 181 pages ;  |c 24 cm. 
336 |a text  |b txt  |2 rdacontent 
337 |a unmediated  |b n  |2 rdamedia 
338 |a volume  |b nc  |2 rdacarrier 
490 1 |a Professional management accounting series 
500 |a "A Ronald Press publication." 
500 |a Includes index. 
650 0 |a Consolidation and merger of corporations  |x Accounting. 
650 0 |a Managerial accounting. 
700 1 |a Johnson, Clark H. 
830 0 |a Professional management accounting series. 
999 |a MARS 
999 f f |s 68c17f8a-0188-3ea3-9ee1-ff5665fc8ab6  |i cb4f4566-93a1-32de-97f6-6f7467088403  |t 0 
952 f f |p ric  |a Texas A&M University  |b Rellis Campus  |c Joint Library Facility  |d Remote Storage  |t 0  |e HF5686.C7 I54 1985  |h Library of Congress classification  |i unmediated -- volume  |m A14809078057 
998 f f |a HF5686.C7 I54 1985  |t 0  |l Remote Storage